000 00307nam a2200121Ia 4500
008 190216s9999||||xx |||||||||||||| ||und||
100 _aJoan Robinson & John Eatwell
245 0 _aIntroduction To Modern Economics
260 _bPoorna Pubs Kozhikode
300 _a349p
650 _aCommerce
942 _cBK
999 _c9414
_d9414